[Event "BIH-chT1 30th"]
[Site "Gorazde"]
[Date "2023.08.30"]
[Round "8.6"]
[White "Pestek, Elvis"]
[Black "Pavicic, Karlo"]
[Result "1/2-1/2"]
[WhiteElo "2006"]
[BlackElo "1984"]
[PlyCount "69"]
[EventDate "2023.08.26"]
[EventType "team-tourn"]
[EventRounds "9"]
[EventCountry "BIH"]
[SourceTitle "EXT 2024"]
[Source "ChessBase"]
[SourceDate "2023.10.10"]
[SourceVersion "1"]
[SourceVersionDate "2023.10.10"]
[SourceQuality "1"]

1. e4 e5 2. Nf3 Nf6 3. Nc3 Nc6 4. d4 Bb4 5. d5 Nb8 6. Bd3 Bxc3+ 7. bxc3 d6 8. h3 0-0 9. Bg5 Nbd7 10. 0-0 a6 11. c4 Nc5 12. Nd2 h6 13. Be3 b6 14. f4 exf4 15. Bxf4 Re8 16. Qf3 Ncd7 17. Rae1 Ne5 18. Qf2 Kh7 19. Re3 Nfd7 20. Nb3 Qf6 21. Qd2 Qe7 22. Nd4 g6 23. Rg3 Qf8 24. h4 h5 25. Be2 Nc5 26. Bd3 Bg4 27. Nf3 f6 28. Nh2 Bd7 29. Bg5 Nxc4 30. Qc3 Ne5 31. Bxf6 Qh6 32. Bg5 Qg7 33. Bf6 Qh6 34. Bg5 Qg7 35. Bf6 1/2-1/2

[Event "BIH-chT1 30th"]
[Site "Gorazde"]
[Date "2023.08.27"]
[Round "3.6"]
[White "Alic, Selmir"]
[Black "Pavicic, Karlo"]
[Result "0-1"]
[WhiteElo "2034"]
[BlackElo "1984"]
[PlyCount "135"]
[EventDate "2023.08.26"]
[EventType "team-tourn"]
[EventRounds "9"]
[EventCountry "BIH"]
[SourceTitle "EXT 2024"]
[Source "ChessBase"]
[SourceDate "2023.10.10"]
[SourceVersion "1"]
[SourceVersionDate "2023.10.10"]
[SourceQuality "1"]

1. e4 c6 2. c4 e5 3. Nf3 d6 4. d4 Qc7 5. Nc3 Bg4 6. Be2 Nd7 7. Be3 Ngf6 8. d5 c5 9. 0-0 Be7 10. h3 Bxf3 11. Bxf3 0-0 12. g3 a6 13. Bg2 Rfb8 14. a4 Re8 15. f4 Rab8 16. f5 Kh8 17. g4 Ng8 18. g5 f6 19. h4 Rec8 20. Rf3 Qd8 21. Rg3 Rc7 22. Bf3 Qe8 23. Kf2 Nf8 24. Bh5 g6 25. Bg4 Qd8 26. Qd2 Kg7 27. Rag1 Ra8 28. h5 fxg5 29. hxg6 h6 30. Rh1 Nd7 31. Bd1 Bf6 32. Rgh3 Kf8 33. Qe2 Bg7 34. Qf3 Ndf6 35. Qg2 Qd7 36. a5 Rcc8 37. Na4 b5 38. axb6 Rab8 39. Bd2 Rb7 40. Bc2 a5 41. Ra1 Ra8 42. Rb3 Ne7 43. Rb5 Nc8 44. Qf3 Qd8 45. Ra3 g4 46. Qh1 h5 47. Kg3 Ne7 48. Bg5 Neg8 49. Qe1 Bh6 50. Bxh6+ Nxh6 51. Qd2 Kg7 52. Kg2 h4 53. Rxa5 Rab8 54. Ra7 Nh5 55. Nc3 Nf4+ 56. Kh1 Qxb6 57. Nb5 g3 58. R3a6 Rxa7 59. Rxa7+ Kf6 60. Bd1 Kg5 61. Rh7 Rg8 62. Nc3 Qa5 63. Qe3 Qa1 64. Qd2 h3 65. Qe3 g2+ 66. Kh2 Ng4+ 67. Bxg4 Qh1+ 68. Kg3 0-1

[Event "Tuzla op 16th"]
[Site "Tuzla"]
[Date "2022.11.25"]
[Round "3"]
[White "Halilovic, Fahrudin"]
[Black "Pavicic, Karlo"]
[Result "0-1"]
[WhiteElo "2036"]
[BlackElo "1821"]
[PlyCount "94"]
[EventDate "2022.11.24"]
[EventType "swiss"]
[EventRounds "7"]
[EventCountry "BIH"]
[SourceTitle "CBM 211 Extra"]
[Source "ChessBase"]
[SourceDate "2023.01.31"]
[SourceVersion "1"]
[SourceVersionDate "2023.01.31"]
[SourceQuality "1"]

1. c4 c5 2. Nc3 Nc6 3. g3 g6 4. Bg2 Bg7 5. e3 e5 6. Nge2 Nge7 7. 0-0 0-0 8. a3 d6 9. Rb1 a5 10. b3 Bf5 11. d3 Qd7 12. Re1 Rab8 13. Nb5 h6 14. Nec3 g5 15. Bb2 Bg6 16. Qd2 Kh7 17. Rbd1 Bh5 18. Ne2 f5 19. f4 Rf7 20. d4 cxd4 21. exd4 e4 22. d5 Nd8 23. fxg5 Bxb2 24. Qxb2 hxg5 25. h3 Ng6 26. Rf1 f4 27. gxf4 gxf4 28. Bxe4 Qxh3 29. Bxg6+ Bxg6 30. Rf2 Bh5 31. Qc2+ Kh6 32. Rg2 Qe3+ 33. Rf2 f3 34. Ng3 Qg5 35. Qd2 Rf4 36. Kh1 Qh4+ 37. Rh2 Qxg3 38. Rg1 f2 39. Rxh5+ Kxh5 40. Qe2+ Qf3+ 41. Qxf3+ Rxf3 42. Rf1 Nf7 43. Kg2 Kg4 44. Rxf2 Rxf2+ 45. Kxf2 Re8 46. b4 axb4 47. axb4 Re4 0-1

[Event "Lukavac op 8th"]
[Site "Lukavac"]
[Date "2019.11.25"]
[Round "6"]
[White "Osmic, Enis"]
[Black "Pavicic, Karlo"]
[Result "0-1"]
[WhiteElo "1552"]
[BlackElo "1535"]
[PlyCount "90"]
[EventDate "2019.11.22"]
[EventType "swiss"]
[EventRounds "7"]
[EventCountry "BIH"]
[SourceTitle "CBM 193 Extra"]
[Source "ChessBase"]
[SourceDate "2020.01.31"]
[SourceVersion "1"]
[SourceVersionDate "2020.01.31"]
[SourceQuality "1"]

1. e4 e5 2. Nf3 Nc6 3. Bc4 Nf6 4. d3 h6 5. Be3 Na5 6. Bb3 Nxb3 7. axb3 a6 8. Nxe5 d5 9. exd5 Qxd5 10. Nf3 Bd6 11. Nc3 Qh5 12. h3 Bg4 13. Kd2 Bxf3 14. Qxf3 Qxf3 15. gxf3 Kd7 16. Rhg1 Rhg8 17. Ne4 Be7 18. Rg2 Nh5 19. Rag1 f5 20. Ng3 Nxg3 21. fxg3 g5 22. f4 Rae8 23. fxg5 Bxg5 24. Bxg5 Rxg5 25. Re2 Re6 26. Rxe6 Kxe6 27. Ke3 Rg7 28. g4 Kf6 29. Rf1 Re7+ 30. Kd2 Re5 31. Rxf5+ Rxf5 32. gxf5 Kxf5 33. Ke2 Kf4 34. Kf2 a5 35. c4 c5 36. h4 h5 37. Ke2 Kg4 38. d4 cxd4 39. Kd3 Kxh4 40. Kxd4 Kg3 41. Kc5 h4 42. Kb5 h3 43. Kxa5 h2 44. b4 h1Q 45. Kb6 Qc6+ 0-1

[Event "BIH-ch 12th"]
[Site "Lukavac"]
[Date "2018.12.16"]
[Round "7"]
[White "Cabric, Izet"]
[Black "Pavicic, Karlo"]
[Result "1-0"]
[WhiteElo "1843"]
[BlackElo "1370"]
[PlyCount "31"]
[EventDate "2018.12.13"]
[EventType "swiss"]
[EventRounds "7"]
[EventCountry "BIH"]
[SourceTitle "CBM 187 Extra"]
[Source "ChessBase"]
[SourceDate "2018.11.04"]
[SourceVersion "1"]
[SourceVersionDate "2018.11.04"]
[SourceQuality "1"]

1. c4 e5 2. Nc3 Nf6 3. g3 Bb4 4. Bg2 d6 5. Qa4+ Nc6 6. Bxc6+ bxc6 7. Qxb4 Bh3 8. Nxh3 Qd7 9. Ng1 c5 10. Qa4 c6 11. h3 0-0 12. d3 d5 13. cxd5 Nxd5 14. Nf3 Nb6 15. Qh4 Rad8 16. Be3 1-0